000 01089cam a2200301 a 4500
001 2124959
005 20151113113834.0
008 970516s1998 nyua b 001 0 eng
010 _a 97021459
020 _a0415919541
020 _a041591955X (pbk.)
040 _aDLC
_cDLC
_dDLC
050 0 0 _aB840
_b.C85 1998
082 0 0 _a149/.94
_221
100 _aSilverman, Hugh J.
_eed.
_919606
245 0 0 _aCultural semiosis :
_btracing the signifier /
_cedited with an introduction by Hugh J. Silverman.
260 _aNew York :
_bRoutledge,
_c1998.
300 _aix, 325 p. :
_bill. ;
_c23 cm.
440 0 _aContinental philosophy ;
_v6
_921088
504 _aIncludes bibliographical references (p. 303-319) and index.
650 0 _aSemiotics.
_913027
650 0 _aSemantics (Philosophy)
_921089
650 0 _aCulture
_xSemiotic models.
_93458
700 1 _aSilverman, Hugh J.
_919606
906 _a7
_bcbc
_corignew
_d1
_eocip
_f19
_gy-gencatlg
942 _2lcc
_cMONOGRAPH
999 _c123786
_d123786